Making a good layout

Bibliographic Details
Main Author: Siebert, Lori
Other Authors: Ballard, Lisa
Format: Book
Published: Cincinnati, Ohio : North Light Books , C1992
Series:Graphic design basics
Subjects:

MARC

LEADER 00000cam a2200000 7i4500
001 0000009933
005 20050503.0
020 |a 0891344233 
040 |a INS 
090 0 0 |a Z246.   |b S56 1992 
100 1 |a Siebert, Lori 
245 1 0 |a Making a good layout   |c Lori Siebert 
260 |a Cincinnati, Ohio :   |b North Light Books ,   |c C1992 
300 |a 117p. :   |b ill. ;   |c 28cm. 
440 0 |a Graphic design basics 
650 0 0 |a Layout (printing) 
700 1 |a Ballard, Lisa 
999 |a 0000009216   |b BOOK   |c Open Shelf   |e Default branch